|
|
|
|
| LEADER |
00000nab a2200000 ar4500 |
| 001 |
vtls008622367 |
| 003 |
SK-MaSNL |
| 005 |
20260303214937.0 |
| 008 |
060214c2005 xo wr|p|||||||000 b|slo |
| 015 |
|
|
|a SNBRB2006/02
|2 snkbucl
|
| 038 |
|
|
|a SNKBUCL
|
| 040 |
|
|
|a SNKBUCL
|b slo
|c SNKBUCL
|e AACR2
|
| 041 |
0 |
|
|a slo
|
| 044 |
|
|
|a xo
|c SK
|
| 080 |
|
|
|a 662.7:629.331
|2 1997
|
| 080 |
|
|
|a 629.331
|2 1997
|
| 100 |
1 |
|
|a Reich, Róbert
|4 aut
|9 870825
|
| 245 |
1 |
0 |
|a Automobilový pohon budúcnosti
|b technológie na báze vodíka a elektriny sa už stávajú realitou
|c Róbert Reich
|
| 650 |
0 |
7 |
|a automobily
|2 snkbucl
|9 18879
|
| 650 |
0 |
7 |
|a alternatívne motorové palivá
|2 snkbucl
|9 83897
|
| 773 |
0 |
|
|t Profit
|g Č. 33-34 (2005), s. 43
|x 1335-4620
|
| 852 |
|
|
|a SNK
|b KIS3GCP
|
| 999 |
|
|
|c 2219421
|d 2221351
|